5 majeur NBA Conférence Est (2025-2026) - Statistiques

Statistiques générales
  • Ce quiz a été pris 165 fois
  • Le résultat moyen est 45 sur 75
Statistiques - réponses
Franchises Postes Joueurs % Correct
Cleveland Cavaliers Arrière Donovan Mitchell
100%
Miami Heat Meneur Davion Mitchell
99%
New-York Knicks Meneur Jalen Brunson
96%
Boston Celtic Ailier Fort Jaylen Brown
94%
Boston Celtic Arrière Derrick White
92%
Cleveland Cavaliers Ailier Fort Evan Mobley
92%
New-York Knicks Ailier Fort Karl-Anthony Towns
92%
Detroit Pistons Meneur Cade Cunningham
91%
Cleveland Cavaliers Pivot Jarrett Allen
91%
Atlanta Hawks Meneur Trae Young
91%
Milwaukee Bucks Ailier Fort Giannis Antetokounmpo
90%
Charlotte Hornets Meneur LaMelo Ball
90%
Miami Heat Pivot Bam Adebayo
89%
Philadelphie 76ers Pivot Joel Embiid
89%
Orlando Magic Ailier Paolo Banchero
89%
Philadelphie 76ers Meneur Tyrese Maxey
86%
Washington Wizard Pivot Alexandre Sarr
83%
Indiana Pacers Ailier Fort Pascal Siakam
83%
Orlando Magic Ailier Fort Franz Wagner
81%
New-York Knicks Arrière Mikal Bridges
81%
Charlotte Hornets Ailier Miles Bridges
81%
Detroit Pistons Pivot Jalen Duren
80%
Atlanta Hawks Ailier Fort Jalen Johnson
80%
Toronto Raptors Ailier Scottie Barnes
80%
Boston Celtic Meneur Payton Pritchard
76%
Chicago Bulls Arrière Josh Giddey
75%
Milwaukee Bucks Pivot Myles Turner
75%
Chicago Bulls Pivot Nikola Vucevic
75%
Atlanta Hawks Ailier Zacharie Risacher
75%
Milwaukee Bucks Meneur Kevin Porter Jr
71%
Brooklyn Nets Ailier Michael Porter Jr
71%
Detroit Pistons Arrière Duncan Robinson
69%
New-York Knicks Ailier OG Anunoby
69%
Brooklyn Nets Arrière Cameron Thomas
67%
Orlando Magic Arrière Desmond Bane
67%
Toronto Raptors Ailier Fort Brandon Ingram
66%
Washington Wizard Ailier Kyshawn George
65%
Indiana Pacers Meneur Andrew Nembhard
64%
Atlanta Hawks Pivot Kristaps Porzingis
64%
Philadelphie 76ers Arrière V.J Edgecombe
61%
Detroit Pistons Ailier Fort Ausar Thompson
60%
Toronto Raptors Arrière R.J Barrett
60%
Atlanta Hawks Arrière Dyson Daniels
58%
Orlando Magic Meneur Jalen Suggs
57%
Detroit Pistons Ailier Tobias Harris
57%
Charlotte Hornets Arrière Brandon Miller
54%
Boston Celtic Pivot Neemias Queta
53%
Indiana Pacers Ailier Aaron Nesmith
52%
Charlotte Hornets Ailier Fort Kon Knueppel
51%
Brooklyn Nets Pivot Nicolas Claxton
51%
Indiana Pacers Arrière Bennedict Mathurin
49%
Toronto Raptors Meneur Immanuel Quickley
49%
Washington Wizard Ailier Fort Khris Middleton
48%
Washington Wizard Meneur C.J McCollum
47%
Chicago Bulls Ailier Fort Matas Buzelis
47%
Miami Heat Arrière Norman Powell
46%
Orlando Magic Pivot Wendell Carter Jr
46%
Milwaukee Bucks Arrière A.J Green
40%
Miami Heat Ailier Fort Andrew Wiggins
39%
Philadelphie 76ers Ailier Fort Kelly Oubre
35%
Chicago Bulls Ailier Isaac Okoro
31%
Chicago Bulls Meneur Tre Jones
31%
Boston Celtic Ailier Sam Hauser
28%
Charlotte Hornets Pivot Ryan Kalkbrenner
25%
Cleveland Cavaliers Meneur Sam Merrill
25%
Milwaukee Bucks Ailier Gary Trent Jr
22%
Indiana Pacers Pivot Isaiah Jackson
22%
Cleveland Cavaliers Ailier Jaylon Tyson
21%
Washington Wizard Arrière Carlton Carrington
19%
Miami Heat Ailier Nikola Jovic
19%
Brooklyn Nets Meneur Ben Saraf
15%
Toronto Raptors Pivot Jakob Poltl
14%
Brooklyn Nets Ailier Fort Terence Mann
10%
New-York Knicks Pivot Ariel Hukporti
9%
Philadelphie 76ers Ailier Dominick Barlow
8%
Aucun quiz correspondant
Distribution des résultats
% des personnes avec chaque résultat
Percentile par nombre de réponses
Votre historique - résultats
Vous n’avez pas pris ce quiz